Элементарная математика с точки зрения высшей: Лекции, читанные в Геттингенском университете. Т. 2 : Геометрия (Запись № 30286)

Подробности
000 -МАРКЕР
контрольное поле 01063nam a2200217 cc4500
001 - КОНТРОЛЬНЫЙ НОМЕР ЗАПИСИ
контрольное поле 000030286
003 - ПРИНАДЛЕЖНОСТЬ КОНТРОЛЬНОГО НОМЕРА
контрольное поле RuMoIPM
005 - ДАТА И ВРЕМЯ ПОСЛЕДНЕЙ ТРАНЗАКЦИИ
контрольное поле 20260413132001.0
008 - ЭЛЕМЕНТЫ ДАННЫХ ФИКСИРОВАННОЙ ДЛИНЫ
контрольное поле 230210s1934 ru ||||||| |||| ||rus d
035 ## - КОНТРОЛЬНЫЙ НОМЕР СИСТЕМЫ
контрольный номер системы (RuMoBEN) 002096730
035 ## - КОНТРОЛЬНЫЙ НОМЕР СИСТЕМЫ
контрольный номер системы (ELAR retro) [2022] 000090430
040 ## - ОРГАНИЗАЦИЯ-СОЗДАТЕЛЬ ЗАПИСИ
организация-создатель исходной библиографической записи RuMoBEN
язык каталогизации rus
правила каталогизации rcr
041 0# - КОД ЯЗЫКА
код языка текста Русский
код языка оригинала и/или промежуточных переводов текста ger
080 ## - ИНДЕКС УНИВЕРСАЛЬНОЙ ДЕСЯТИЧНОЙ КЛАССИФИКАЦИИ
индекс Универсальной десятичной классификации 514
245 10 - ОБЛАСТЬ ЗАГЛАВИЯ И СВЕДЕНИЙ ОБ ОТВЕТСТВЕННОСТИ
заглавие Т. 2 : Геометрия
сведения об ответственности и т. д Ф. Клейн ; [в обр. Е. Геллингера с добавл. Фр. Зейфарта]
260 ## - ОБЛАСТЬ ВЫХОДНЫХ ДАННЫХ
дата издания, распространения и т. д 1934
300 ## - ОБЛАСТЬ КОЛИЧЕСТВЕННОЙ ХАРАКТЕРИСТИКИ
объём 444 с.
прочее ил.
500 ## - ПРИМЕЧАНИЕ ОБЩЕГО ХАРАКТЕРА
текст примечания Пер. изд.: Elementarmathematk vom höheren Standpunkte aus Ausgearbeitet von E. Hellinger. Bd. 2 / Felix Klein. - 3. Aufl. Berlin : Springer, 1925
773 ## - ПОИСКОВЫЙ ПРИЗНАК НА ОСНОВНУЮ ЕДИНИЦУ, СОСТАВНОЙ ЧАСТЬЮ КОТОРОЙ ЯВЛЯЕТСЯ ОПИСЫВАЕМЫЙ МАТЕРИАЛ
контрольный номер связываемой записи 000030285
заголовок/основной поисковый признак основной записи (автор) Клейн, Феликс
заглавие Элементарная математика с точки зрения высшей: Лекции, читанные в Геттингенском университете
издание 2-е изд., доп. по 3 нем. изд.
место издания, издательство/издатель и дата публикации Москва | Ленинград: Гостехтеоретиздат
942 ## - ДАННЫЕ О ЗАПИСИ (KOHA)
Тип экземпляра (KOHA) Книга
Экземпляры
Статус выдачи Библиотека держатель Текущая библиотека Местонахождение Шифр хранения Тип экземпляра
  Институт прикладной математики им. М.В. Келдыша Институт прикладной математики им. М.В. Келдыша Миусская 51 / К 48 Книга